LEADER 01350nam a2200301 u 4500 001 000000035459 003 CaOOAMICUS 005 20070226112604.0 008 980225s1954 gw u000 u ger u 035 $a10784327 040 $aPUL(R)$bita 245 00$aLehrbuch des Kirchenrechts auf Grund des Codex Iuris Canonici /$cbegründet von Eduard Eichmann neu bearbeitet von Klaus Mörsdorf. 250 $a7. verbesserte und vermehrte Auflage 260 $aPaderborn :$bSchöningh,$c1954. 300 $av. : ;$c25 cm 490 1 $aWissenschaftliche Handbibliothek 500 $aInclude indici. 504 $aBibliografia a piè pagina. 505 1 $aIII. Band: Prozess und Strafrecht Personenrecht 650 4$aDiritto canonico.$0(OLS)http://pul/subject/1294 700 1 $aMörsdorf, Klaus,$d1909-1989.$0(OLS)http://pul/name/7856 700 1 $aEichmann, Eduard,$d1870-1946.$0(OLS)http://pul/name/7855 830 0$aWissenschaftliche Handbibliothek.$0(OLS)http://pul/title/48473 850 $aPUL 852 $aPUL$W1$xSL Diritto Canonico 1$y5$m164 F 22$j48563$nBK-PRI$b $qStampati$B48563$CPULBib$Z2$F48563 $H $81 941 1 $a8 996 $6245$aLehrbuch des Kirchenrechts auf Grund des Codex Iuris Canonici$9(OLS)http://pul/title/48475 996 $6260$aPaderborn :$bSchöningh$9(OLS)http://pul/publisher/52607 LEADER 02742nam a2200409 a 4500 001 000000077135 003 CaOOAMICUS 005 20120220123752.0 008 040120s1903 fr u000 u lat u 035 $a10981471 040 $aPUL(R)$bita 041 1 $alat$agrc 100 0 $aMacarius,$csanto,$dattivo secolo 4.$0(OLS)http://pul/name/911 245 14$aTou en aghiois pateron emon Makariou, tou Aigyptiou, Makariou tou Alexandreos, ta euriskomena panta =$bSanctorum patrum Macarii Aegyptii, Macarii Alexandrini, opera quae supersunt omnia /$cad fidem vaticani, vindeboniensium, berolinensis, aliorum codicum, partim primus edidit, partim edite recognovit, graece et latine, Henricus Josephus Floss ... ; accedit ... Palladii Helenopolitani episcopi Historia lausiaca. 246 31$aSanctorum patrum Macarii Aegyptii, Macarii Alexandrini, opera quae supersunt omnia 260 $aParisiis :$bapud Garnier fratres editores et J.-P. Migne successores,$c1903. 300 $a1308 col. ;$c27 cm 490 1 $aPatrologiae cursus completus.$aSeries graeca ;$v34 500 $aTesto su colonne. 500 $aTesto greco e versione latina a fianco. 700 0 $aMacarius Alexandrinus,$cs.,$dsec. IV.$0(OLS)http://pul/name/76098 700 1 $aMigne, Jacques Paul,$csac.,$d1800-1875.$0(OLS)http://pul/name/4478 700 02$aMacarius Alexandrinus,$cs.,$dsec. IV.$tOpera omnia.$lLatino e greco.$0(OLS)http://pul/nameTitle/1600$0(OLS)http://pul/name/76098$0(OLS)http://pul/title/161341 700 02$aMacarius,$csanto,$dattivo secolo 4.$tOpera omnia.$lLatino e greco.$0(OLS)http://pul/nameTitle/1599$0(OLS)http://pul/name/911$0(OLS)http://pul/title/161341 830 0$aPatrologiae cursus completus.$pSeries graeca ;$v34.$0(OLS)http://pul/title/101079 850 $aPUL 852 $aPUL$W1$xSL Cons. Gen., Altre Classi 1$y1$m2002 A 1.34$j99094$nBK-PRI$qStampati$B99094$CPULBib$Z2$F99094 $82 900 $aMacario-Simeone,$cs.,$dsec. IV$9911 900 $aSimeone di Mesopotamia,$cs.,$dsec. IV$9911 900 $aMacario d'Alessandria,$cs.,$dsec. IV$976098 900 $aMacario-Simeone,$cs.,$dsec. IV$9911 900 $aSimeone di Mesopotamia,$cs.,$dsec. IV$9911 900 $aMacario d'Alessandria,$cs.,$dsec. IV$976098 941 1 $a8 996 $6246$aSanctorum patrum Macarii Aegyptii, Macarii Alexandrini, opera quae supersunt omnia$9(OLS)http://pul/title/101124 996 $6245$aTou en aghiois pateron emon Makariou, tou Aigyptiou, Makariou tou Alexandreos, ta euriskomena panta =$bSanctorum patrum Macarii Aegyptii, Macarii Alexandrini, opera quae supersunt omnia$9(OLS)http://pul/title/101123 996 $6260$aParisiis :$bapud Garnier fratres editores et J.-P. Migne successores$9(OLS)http://pul/publisher/54603